000 00321nam a22001217a 4500
008 180425b xxu||||| |||| 00| 0 eng d
041 _aeng
080 _a043.3
100 _a0
101 _aMBE-BA
245 _aStrategjite e Orientimit ne Treg tek Ndermarrjet e Vogla dhe te Medha ne Kosove
_cGashi, A
942 _2udc
_cBK
999 _c45511
_d45511